| 000 | 00821nam0a22002531 4500 | ||
|---|---|---|---|
| 001 | rc\3018979 | ||
| 005 | 20260406065434.0 | ||
| 035 | _a(NLR Aleph) 007161160 | ||
| 090 |
_a7250470 _c7250470 |
||
| 100 | _a20110927d1944 u y0rusy50 ca | ||
| 101 | 0 | _arus | |
| 102 | _aRU | ||
| 105 | _ay z ||||| | ||
| 200 | 1 |
_aПояс _a[Сын] _eРассказы _fВ. Каверин |
|
| 210 |
_aМагадан _cСовет. Колыма _d1944 |
||
| 215 |
_a1? с. _d14 см |
||
| 700 | 1 |
_7ca _8rus _aКаверин _bВ. А. _f1902-1989 _gВениамин Александрович _98203 _3RU\NLR\auth\7725154 |
|
| 801 | 0 |
_aRU _bNLR _gpsbo |
|
| 801 | 1 |
_aRU _bELAR _2rusmarc |
|
| 852 |
_aNLR _bЛ _j30 Г-2/815 |
||
| 942 | _cBOOK | ||
| 945 | _aРоссийская национальная библиотека | ||
| 980 | _aNB | ||
| 980 | _aBV | ||